LEADER 01171nam0-22003971i-450- 001 990005536800203316 005 20050719120000.0 035 $a000553680 035 $aUSA01000553680 035 $a(ALEPH)000553680USA01 035 $a000553680 100 $a20050719d1974-------|0itac50------ba 101 $aita 102 $aIT 105 $a|||| ||||| 200 1 $a<> fertilizzanti fluidi nella moderna agricoltura$fEmilio Zanini 210 $aBologna$cEdagricole$dc1974 215 $a75 p.$cill.$d20 cm. 225 2$aUniversale Edagricole$v85 410 1$12001$aUniversale Edagricole$v85 606 $aFertilizzanti$2FI 620 $dBologna 676 $a631.8$cConcimazione$v21 700 1$aZANINI,$bEmilio$0614352 712 $aEdagricole 801 $aIT$bSOL$c20120104 912 $a990005536800203316 950 $aDIP.TO SCIENZE ECONOMICHE - (SA)$dDS 600 631.8 ZAN$e1150 DISES 951 $a600 631.8 ZAN$b1150 DISES 959 $aBK 969 $aDISES 979 $c20121027$lUSA01$h1532 979 $c20121027$lUSA01$h1613 996 $aFertilizzanti fluidi nella moderna agricoltura$91130775 997 $aUNISA NUM $aUSA15856 LEADER 01232nam 2200409 450 001 9910814593003321 005 20230814223534.0 010 $a1-78570-972-0 010 $a1-78570-974-7 035 $a(CKB)4100000005387342 035 $a(MiAaPQ)EBC5454663 035 $a(EXLCZ)994100000005387342 100 $a20180813d2018 uy| 0 101 0 $aeng 135 $aurcnu|||||||| 181 $2rdacontent 182 $2rdamedia 183 $2rdacarrier 200 00$aBuildings of medieval Europe $estudies in social and landscape contexts of medieval buildings /$fedited by Duncan Berryman and Sarah Kerr 210 1$aOxford :$cOxbow Books,$d2018. 215 $a1 online resource (164 pages) $cillustrations 311 $a1-78570-971-2 320 $aIncludes bibliographical references. 606 $aArchitecture, Medieval$zEurope 606 $aHistoric buildings$zEurope 615 0$aArchitecture, Medieval 615 0$aHistoric buildings 676 $a723 702 $aBerryman$b Duncan 702 $aKerr$b Sarah 801 0$bMiAaPQ 801 1$bMiAaPQ 801 2$bMiAaPQ 906 $aBOOK 912 $a9910814593003321 996 $aBuildings of medieval Europe$93971995 997 $aUNINA